| 000 | 00676cam a2200205 a 4500 | ||
|---|---|---|---|
| 999 |
_c7736 _d7736 |
||
| 003 | OSt | ||
| 005 | 20200518121926.0 | ||
| 008 | 020103s2001 enka 000 0 eng | ||
| 020 | _a0471496677 | ||
| 042 | _alccopycat | ||
| 082 | 0 | 0 |
_a724.7MAC _221 |
| 100 | 1 | _aMackertich, Peter. | |
| 245 | 1 | 0 |
_aArchitectural expressions : _ba photographic reassessment of fun in architecture / _cPeter and Tony Mackertich. |
| 260 |
_aChichester, West Sussex ; _aNew York : _bWiley-Academy, _c2001. |
||
| 300 |
_a127 p. : _bchiefly col. ill. ; _c29 cm. |
||
| 650 | 0 |
_aArchitecture, Modern _y20th century. |
|
| 650 | 0 | _aEclecticism in architecture. | |
| 700 | 1 | _aMackertich, Tony. | |
| 942 | _2ddc | ||